Marine Electrical Technology / (Record no. 1181)
[ view plain ]
| 000 -LEADER | |
|---|---|
| fixed length control field | 00697nam a2200241 a 4500 |
| 008 - FIXED-LENGTH DATA ELEMENTS--GENERAL INFORMATION | |
| fixed length control field | 191206r20102011ii a|||g |||| 001 0 eng d |
| 020 ## - INTERNATIONAL STANDARD BOOK NUMBER | |
| International Standard Book Number | 9788184048544 |
| Terms of availability | Rs. 775.00 |
| 040 ## - CATALOGING SOURCE | |
| Original cataloging agency | IMU Kochi Library |
| Language of cataloging | eng |
| 041 0# - LANGUAGE CODE | |
| Language code of text/sound track or separate title | eng |
| 044 ## - COUNTRY OF PUBLISHING/PRODUCING ENTITY CODE | |
| MARC country code | India |
| 082 04 - DEWEY DECIMAL CLASSIFICATION NUMBER | |
| Edition number | 23 |
| Classification number | 623.8503 |
| Item number | F3912 |
| 100 1# - MAIN ENTRY--PERSONAL NAME | |
| Personal name | Fernandez, Elstan A. |
| 245 10 - TITLE STATEMENT | |
| Title | Marine Electrical Technology / |
| 250 ## - EDITION STATEMENT | |
| Edition statement | 5th ed. |
| 260 ## - PUBLICATION, DISTRIBUTION, ETC. (IMPRINT) | |
| Place of publication, distribution, etc | Mumbai : |
| Name of publisher, distributor, etc | Shroff Publishers & Distributors Pvt Ltd, |
| Date of publication, distribution, etc | 2010, reprinted 2011 |
| 300 ## - PHYSICAL DESCRIPTION | |
| Extent | 1xiii, 1106 p. : |
| Other physical details | ill. ; |
| Dimensions | 24 cm. |
| 504 ## - BIBLIOGRAPHY, ETC. NOTE | |
| Bibliography, etc | Includes index. |
| 650 #0 - SUBJECT ADDED ENTRY--TOPICAL TERM | |
| Topical term or geographic name as entry element | Ships -- Electric equipment |
| 650 #0 - SUBJECT ADDED ENTRY--TOPICAL TERM | |
| Topical term or geographic name as entry element | Ships -- Electronic equipment |
| 852 ## - LOCATION/CALL NUMBER | |
| Location | IMU Kochi Library |
| 904 ## - LOCAL DATA ELEMENT D, LDD (RLIN) | |
| CATALOGER | Shine Joy |
| 942 ## - ADDED ENTRY ELEMENTS (KOHA) | |
| Item type | Books |
| Withdrawn status | Lost status | Source of classification or shelving scheme | Damaged status | Not for loan | Collection code | Permanent location | Current location | Shelving location | Date acquired | Source of acquisition | Cost, normal purchase price | Full call number | Barcode | Date last seen | Koha item type | Public note |
|---|---|---|---|---|---|---|---|---|---|---|---|---|---|---|---|---|
| Engineering | IMU Kochi Library | IMU Kochi Library | General Stacks | 2012-06-29 | M/S Sterling Book House (Inv. No. 1377 Dt 2012-10-17) | 775.00 | 623.8503 F3912 | BK000481 | 2019-12-06 | Books | Gen. Shelf-13, Row-4 | |||||
| Engineering | IMU Kochi Library | IMU Kochi Library | General Stacks | 2012-06-29 | M/S Sterling Book House (Inv. No. 1377 Dt 2012-10-17) | 775.00 | 623.8503 F3912 | BK000482 | 2019-12-06 | Books | Gen. Shelf-13, Row-4 | |||||
| Gifted Collection | IMU Kochi Library | IMU Kochi Library | General Stacks | Donated Books | 623.8503 F3912 | G0166 | 2019-12-06 | Gratis Books | Gen. Shelf-13, Row-4 | |||||||
| Engineering | IMU Kochi Library | IMU Kochi Library | General Stacks | 2012-06-29 | M/S Ross Marketing Consultants (Inv. No. 023/12-13) | 775.00 | 623.8503 F3912 | BK000404 | 2019-12-06 | Books | Gen. Shelf-13, Row-4 | |||||
| Engineering | IMU Kochi Library | IMU Kochi Library | General Stacks | 2012-06-29 | M/S Ross Marketing Consultants (Inv. No. 023/12-13) | 775.00 | 623.8503 F3912 | BK000405 | 2019-12-06 | Books | Gen. Shelf-13, Row-4 | |||||
| Engineering | IMU Kochi Library | IMU Kochi Library | General Stacks | 2012-06-29 | M/S Ross Marketing Consultants (Inv. No. 023/12-13) | 775.00 | 623.8503 F3912 | BK000406 | 2019-12-06 | Books | Gen. Shelf-13, Row-4 | |||||
| Engineering | IMU Kochi Library | IMU Kochi Library | General Stacks | 2011-01-19 | M/S Sterling Book House (Inv. No. 2126 Dt 2011-01-19) | 750.00 | 623.8503 F3912 | BK000190 | 2024-08-23 | Books | Gen. Shelf-13, Row-4 | |||||
| Engineering | IMU Kochi Library | IMU Kochi Library | General Stacks | 2011-01-19 | M/S Sterling Book House (Inv. No. 2126 Dt 2011-01-19) | 750.00 | 623.8503 F3912 | BK000191 | 2019-12-06 | Books | Gen. Shelf-13, Row-4 |